000 00841nam a2200253Ia 4500
003 OSt
005 20220927105532.0
006 a|||||r|||| 00| 0
007 ta
008 220926b |||||||| |||| 00| 0 eng d
024 _a171835
037 _cReference Collections
040 _aRTL
_cRTL
_beng
041 _2eng
_aeng
082 _a"V1N45,93:3(X71).N85r, M5/UN"
110 _aUnited Nations conference on trade and development.
245 0 _aReport of the working party on the medium term plan and the programme budget
_b ninth session 1985.
260 _aNew
_bYork U.N.
_c1986
300 _aiv; 24p.
_ccm.
490 _aSupplement no.6
700 _aUnited Nations conference on trade and development.
942 _h"V1N45,93:3(X71).N85r, M5/UN"
_cCC
999 _c692897
_d692897